| 000 | 00377 a2200157 4500 | ||
|---|---|---|---|
| 003 | Nust | ||
| 005 | 20170207153455.0 | ||
| 040 | _cNust | ||
| 082 | _a912 | ||
| 100 | _aCook, K F | ||
| 245 |
_aConcise Oxford Atlas _cD P Bickmore and K F Cook |
||
| 260 |
_aOxford _bOxford university press _c1952 |
||
| 300 | _acixviii: P | ||
| 538 | _aAlmirah No.54 and Shelf No.1 | ||
| 650 | _aAtlas | ||
| 942 |
_2ddc _cBK |
||
| 999 |
_c187067 _d187067 |
||